Financie metodická pomôcka na semináre
Saved in:
| Main Author: | |
|---|---|
| Corporate Author: | |
| Other Authors: | , , , |
| Format: | Book |
| Language: | Slovak |
| Published: |
Bratislava
Vydavateľstvo EKONÓM
2020
|
| Edition: | 2. prepracované vydanie |
| Subjects: | |
| Tags: |
No Tags, Be the first to tag this record!
|
MARC
| LEADER | 00000nam a2200000 4500 | ||
|---|---|---|---|
| 001 | 0262239 | ||
| 005 | 20240502074154.8 | ||
| 020 | |a 978-80-225-4687-4 | ||
| 020 | |a 978-80-225-4697-3 | ||
| 041 | 0 | |a slo | |
| 044 | |a SK | ||
| 245 | 1 | 0 | |a Financie |b metodická pomôcka na semináre |c Kornélia Beličková, Erika Neubauerová, Alena Zubaľová ; recenzenti: Pavol Ochotnický, Zuzana Brindzová |
| 250 | |a 2. prepracované vydanie | ||
| 264 | 1 | |a Bratislava |b Vydavateľstvo EKONÓM |c 2020 | |
| 300 | |a 101 s. [5,05 AH] | ||
| 610 | 2 | 0 | |a financie |
| 610 | 2 | 0 | |a trh finančný |
| 610 | 2 | 0 | |a domácnosti |
| 610 | 2 | 0 | |a financie podnikové |
| 610 | 2 | 0 | |a financie verejné |
| 610 | 2 | 0 | |a bankovníctvo |
| 610 | 2 | 0 | |a poistenie |
| 610 | 2 | 0 | |a systémy sociálne |
| 100 | 1 | |a Beličková, Kornélia, 1966- | |
| 700 | 1 | |a Neubauerová, Erika, 1968- | |
| 700 | 1 | |a Zubaľová, Alena, 1959- | |
| 700 | 1 | |a Ochotnický, Pavol | |
| 700 | 1 | |a Brindzová, Zuzana | |
| 710 | 2 | |a Ekonomická univerzita v Bratislave. Národohospodárska fakulta | |